Statistics for Countries with Most Tourists with Exceptions

Click here to take the quiz!

General Stats

  • This quiz has been taken 39,984 times
    (12,203 since last reset)
  • The average score is 17 of 20

Answer Stats

Rank # Arrivals Country % Correct
379.6 mUnited States
99%
462.9 mChina
99%
1131.1 mJapan
98%
741.4 mMexico
97%
389.25 mAustralia
96%
1721.1 mCanada
96%
2017.4 mIndia
95%
3511.3 mEgypt
91%
938.3 mThailand
90%
3710.5 mSouth Africa
90%
2615.3 mSouth Korea
87%
3113.4 mIndonesia
87%
2515.5 mVietnam
82%
645.8 mTurkey
81%
1425.8 mMalaysia
76%
2415.9 mUnited Arab Emirates
73%
3212.3 mMorocco
73%
2814.7 mSingapore
72%
2715.3 mSaudi Arabia
69%
3611.0 mTaiwan
63%

Score Distribution

Percentile by Number Answered

Percent of People with Each Score

Your Score History

You have not taken this quiz since the last reset